Книгоиздаване и печатни комуникации (Запис номер 155469)
[ съкратено ]
| 000 -Лидер | |
|---|---|
| Контролно поле с фиксирана дължина | 02277nam a2200433 c 4500 |
| 003 - Код на организацията, давaща контролен номер | |
| Контролно поле | BLK |
| 005 - Дата и час на последна редакция | |
| Контролно поле | 20231110011009.0 |
| 008 - Елементи от данни с фиксирана дължина | |
| fixed length control field | 180410b bul|||||r ||||||| ||bul|| |
| 010 ## - Наследен системен номер | |
| LC control number | KNG00162146000 |
| 020 ## - Международен стандартен номер на книга ISBN | |
| Международен стандартен номер на книга ISBN | 978-954-524-905-1 |
| -- | издат.: Унив. изд. Св. св. Кирил и Методий |
| 040 ## - Източник на каталожния запис | |
| Идентификатор на билиотеката - собственик на записа | BLK |
| 041 ## - Код за език | |
| Код за езика на текст/звукозапис или на отделно заглавие | Български |
| Код за езика КДБФ | Български |
| Други езици | Английски |
| -- | Руски |
| 072 #7 - Код за тематичната категория | |
| Код организация | bullib |
| Код за тематична категория | Н00 |
| Текст | Общ отдел Н |
| 072 #7 - Код за тематичната категория | |
| Код организация | bullib |
| Код за тематична категория | Я |
| Текст | Автографи |
| 080 ## - УДК | |
| Текстов определител УДК | Книга. Книгоиздание. Книгознание |
| УДК код - определител по УДК | 002.19 |
| УДК определител | |
| УДК - код + определител | 002.19 |
| 080 ## - УДК | |
| Текстов определител УДК | Социология на комуникацията. Социология на средствата за масови комуникации, за масова култура и пропаганда. Аудиовизия(социол. аспекти) |
| УДК код - определител по УДК | 316.77 |
| УДК определител | |
| УДК - код + определител | 316.77 |
| 100 ## - Редна дума - Автор | |
| Автор | Георгиев, Лъчезар Георгиев |
| Дати, свързани с автора | 1956- |
| Автор - информация (биография) | Филолог, автор на проза |
| R(LIN) | 368754 |
| 139 ## - Редно поле | |
| Редна дума | Георгиев, Лъчезар Георгиев |
| Авторски знак | Георгиев - Г 37 |
| 245 10 - Сведения за заглавието | |
| Заглавие | Книгоиздаване и печатни комуникации |
| Подзаглавни данни | Изследвания за книгата и медиите |
| Редно поле (дума) | Лъчезар Георгиев Георгиев. |
| 246 11 - Различни форми на заглавието | |
| Паралелно заглавие | Book Publishing and Printed Communications : Research on the Book and Media |
| 257 ## - Страна на издаване | |
| Страна на създаване/издаване | България |
| 260 ## - Област на издателските данни | |
| -- | В. Търново |
| Име на издателя, разпространителя и проч. | Унив. изд. Св. св. Кирил и Методий |
| Година на издаване | 2013 |
| 300 ## - Физическа характеристика | |
| Страници | 424 с. |
| Илюстрации и др. | с ил., портр., факс. |
| Размери/Мащаб | 20 см |
| 380 ## - Жанр | |
| Жанр | Общ отдел |
| 490 1# - СЕРИИ (Колекции) | |
| Име на серия | Библиотека Книгоиздаване |
| 500 ## - Общи забележки | |
| Забележка | Съдържа и за авт. на англ. ез. - Текст и на англ., рус. ез. - Библиогр. след отд. гл. |
| 650 #4 - Допълнително описание по предмет – тема | |
| Основно описание – тема или топоним | Издателско дело |
| 9 (RLIN) | 258505 |
| 650 #4 - Допълнително описание по предмет – тема | |
| Основно описание – тема или топоним | Средства за масова информация |
| 9 (RLIN) | 270560 |
| 653 ## - Ключова дума – ненормативна | |
| Ключова дума | издателско дело |
| 653 ## - Ключова дума – ненормативна | |
| Ключова дума | средства за масова информация |
| 659 ## - Тематичен бюлетин | |
| Тематичен бюлетин | Н |
| 659 ## - Тематичен бюлетин | |
| Тематичен бюлетин | Я |
| 852 ## - Местоположение | |
| Форматна сигнатура | Цб 269458 |
| 856 4# - Електронен адрес и достъп | |
| Електронен формат | pdf - файл |
| Път до файла /url/ | |
| 856 4# - Електронен адрес и достъп | |
| Електронен формат | pdf - файл |
| Път до файла /url/ | |
| 942 ## - АРТИКУЛИ | |
| Вид на библиотечния материал | Книги |
| Скрит в OPAC | Не |
| 944 ## - СЪЗДАВАНЕ И РЕДАКЦИЯ на ЗАПИСА | |
| Създаване/Редакция | Създаване |
| Дата на регистрацията/редакция | 18.06.2014 |
| Статус, дата на статуса | CRON CRON |
| Служител, извършил регистрацията/редакцията | |
| 944 ## - СЪЗДАВАНЕ И РЕДАКЦИЯ на ЗАПИСА | |
| Създаване/Редакция | Редакция |
| Дата на регистрацията/редакция | 15.12.2016 |
| Статус, дата на статуса | ф / |
| Служител, извършил регистрацията/редакцията | Виолета_Тройчева |
| 999 ## - СИСТЕМНИ КОНТРОЛНИ НОМЕРА | |
| Koha biblionumber | 155469 |
| Koha biblioitemnumber | 155469 |
| Код за отписване | Код за изгубен артикул | Код за повреда | Коз за рестрикции | Код за отдаване | Артикулен № | Име на библиотеката - собственик | Име на библиотеката, в която се намира в момента | Статус (Текущо местоположение) | Дата на вписване в системата | Местоположение - отдел | Цена в лева | Номерация (Хронология) | Инвентарен номер | Систематично азбучна сигнатура | Баркод | Номер на екземпляра | Цена в евро | Служебна бележка | Служебен тип на артикула |
|---|---|---|---|---|---|---|---|---|---|---|---|---|---|---|---|---|---|---|---|
| Не е изгубен | Не е повреден | без рестрикции | ползва се в читалня | 260694 | Регионална библиотека "Любен Каравелов" Русе | Регионална библиотека "Любен Каравелов" Русе | Хранилище | 2014-06-23 | Основен фонд - ползва се само за читалня | 25.00 | Автограф: Лъчезар Георгиев | 120000778640 | Цб 269458 | 120000778640 | 1 | 12.78 | Дост: DA Вид: А N: 10 Дата: 23.06.2014 | Книги |